| 000 | 00621nam a2200205Ia 4500 | ||
|---|---|---|---|
| 005 | 20260429112030.0 | ||
| 008 | 260429s9999||||xx |||||||||||||| ||und|| | ||
| 020 | _a9783031609695 | ||
| 041 | _aEnglish | ||
| 082 |
_a001.422019 _bHUT |
||
| 100 | _aHutcheson, Adam T. | ||
| 245 | 0 |
_aStatistics for psychology research : _ba short guide using excel / _cAdam T. Hutcheson |
|
| 260 |
_aSwitzerland : _bPalgrave Macmillan, _c2024. |
||
| 300 | _axxv, 245 p.; pbk | ||
| 650 | _a Psychological research | ||
| 650 | _a Statistical methods | ||
| 650 | _aResearch methods | ||
| 700 | _a Brown, Kristina Groce | ||
| 942 | _cTB | ||
| 999 |
_c51995 _d51995 |
||